| 000 | 00822nam a2200253 a 4500 | ||
|---|---|---|---|
| 001 | c 61000999 | ||
| 003 | DLC | ||
| 005 | 20260227111033.0 | ||
| 008 | 041112s1960 cc 000 0 chi | ||
| 010 | _ac 61000999 | ||
| 035 | _a(CStRLIN)DCLP04-B20286 | ||
| 040 |
_aDLC _cCLU _dOCLCQ _dOCL _dPULEA _dDLC-R |
||
| 042 | _alccopycat | ||
| 050 | 0 | 0 |
_aPN519 _b.L55 |
| 066 | _c$1 | ||
| 100 | 1 |
_6880-01 _aLiu, Shuxian. |
|
| 245 | 1 | 0 |
_6880-02 _aWen xue xin shang de ling hun / _cLiu Shuxian zhu. |
| 260 |
_6880-03 _aJiulong : _bRen sheng chu ban she, _cMinguo 49 [1960] |
||
| 300 |
_a250 p. _c19 cm. |
||
| 650 | 0 |
_aLiterature _xHistory and criticism. |
|
| 880 | 1 |
_6100-01/$1 _a劉 述先. |
|
| 880 | 1 | 0 |
_6245-02/$1 _a文學 欣賞 的 靈魂 / _c劉 述先 著. |
| 880 |
_6260-03/$1 _a九龍 : _b人生 出版社, _c民國49 [1960] |
||
| 999 |
_c12732 _d12732 |
||